Регионална библиотека "Любен Каравелов" - Русе

Списъкът с гости (Запис номер 161425)

MARC детайли
000 -Лидер
Контролно поле с фиксирана дължина 01432nam a2200361 c 4500
003 - Код на организацията, давaща контролен номер
Контролно поле BLK
005 - Дата и час на последна редакция
Контролно поле 20250620084240.0
008 - Елементи от данни с фиксирана дължина
fixed length control field 180410b bul|||||r ||||||| ||bul||
010 ## - Наследен системен номер
LC control number KNG00168739000
020 ## - Международен стандартен номер на книга ISBN
Международен стандартен номер на книга ISBN 978-954-771-334-5
-- издат.: Кръгозор
040 ## - Източник на каталожния запис
Идентификатор на билиотеката - собственик на записа BLK
041 ## - Код за език
Код за езика на текст/звукозапис или на отделно заглавие Български
Код за езика КДБФ Български
072 #7 - Код за тематичната категория
Код организация bullib
Код за тематична категория Н83
Текст Чужда художествена литература Н
080 ## - УДК
Текстов определител УДК Ирландска литература (на Ейре) на английски език (вж и 821.152.1)
УДК код - определител по УДК 821.111(417)
УДК определител -31
УДК - код + определител 821.111(417)-31
100 1# - Редна дума - Автор
Автор Хил, Мелиса
Авторска отговорност първи автор
R(LIN) 325745
139 ## - Редно поле
Редна дума Хил, Мелиса
Авторски знак Хил - Х 49
245 10 - Сведения за заглавието
Заглавие Списъкът с гости
Подзаглавни данни Роман
Редно поле (дума) Мелиса Хил; прев. от англ. Татяна Атанасова Виронова.
257 ## - Страна на издаване
Страна на създаване/издаване Ирландия
260 ## - Област на издателските данни
-- София
Име на издателя, разпространителя и проч. Кръгозор
Година на издаване 2014
Печатница София : Експертпринт
300 ## - Физическа характеристика
Страници 280 с.
Размери/Мащаб 21 см
380 ## - Жанр
Жанр Худож. лит.
500 ## - Общи забележки
Забележка Ориг. загл. The Guest List / Melissa Hill.
653 ## - Ключова дума – ненормативна
Ключова дума чиклит
653 ## - Ключова дума – ненормативна
Ключова дума романи
659 ## - Тематичен бюлетин
Тематичен бюлетин Н
700 1# - Други автори (авторска отговорност)
Лично име Виронова, Татяна Атанасова
9 (RLIN) 363387
852 ## - Местоположение
Форматна сигнатура Цб 271937
856 4# - Електронен адрес и достъп
Електронен формат pdf - файл
Път до файла /url/
856 4# - Електронен адрес и достъп
Електронен формат pdf - файл
Път до файла /url/
942 ## - АРТИКУЛИ
Вид на библиотечния материал Книги
Скрит в OPAC Не
Koha issues (borrowed), all copies 22
944 ## - СЪЗДАВАНЕ И РЕДАКЦИЯ на ЗАПИСА
Създаване/Редакция Създаване
Дата на регистрацията/редакция 13.12.2014
Статус, дата на статуса Минев Младен
Служител, извършил регистрацията/редакцията 30530
944 ## - СЪЗДАВАНЕ И РЕДАКЦИЯ на ЗАПИСА
Създаване/Редакция Редакция
Дата на регистрацията/редакция 19.10.2015
Статус, дата на статуса ф /
Служител, извършил регистрацията/редакцията Пенка_Димитрова
999 ## - СИСТЕМНИ КОНТРОЛНИ НОМЕРА
Koha biblionumber 161425
Koha biblioitemnumber 161425
Наличности
Код за отписване Код за изгубен артикул Източник на класификационната схема Код за повреда Коз за рестрикции Код за отдаване Артикулен № Име на библиотеката - собственик Име на библиотеката, в която се намира в момента Статус (Текущо местоположение) Дата на вписване в системата Местоположение - отдел Цена в лева Инвентарен номер Систематично азбучна сигнатура Баркод Номер на екземпляра Цена в евро Служебна бележка Служебен тип на артикула
  Не е изгубен Universal Decimal Classification Не е повреден без рестрикции заемане за дома 269736 Регионална библиотека "Любен Каравелов" Русе Регионална библиотека "Любен Каравелов" Русе Заемна - подръчен фонд 2014-12-10 Заемна - подръчен фонд 14.00 120000783822 П 821-31/Х 49 120000783822 1 7.16 Дост: Pk Вид: Ф N: 422 Дата: 10.12.2014 Дата инв: 15.02.2018 Бележки инв: П2018 Книги
  Не е изгубен Universal Decimal Classification Не е повреден без рестрикции заемане за дома 269737 Регионална библиотека "Любен Каравелов" Русе Регионална библиотека "Любен Каравелов" Русе Заемна - подръчен фонд 2014-12-10 Заемна - подръчен фонд 14.00 120000783823 П 820-31/Х 49 120000783823 2 7.16 Дост: Pk Вид: Ф N: 422 Дата: 10.12.2014 Дата инв: 15.02.2018 Бележки инв: П2018 Книги
  Не е изгубен   Не е повреден без рестрикции ползва се в читалня 269738 Регионална библиотека "Любен Каравелов" Русе Регионална библиотека "Любен Каравелов" Русе Хранилище 2015-10-16 Хранилище 14.00 120000793798 Цб 271937 120000793798 3 7.16 Дост: Dp Вид: Д N: 36 Дата: 19.08.2015 Книги
Vip Innovations Ltd, Rousse, Bulgaria 2025